Countries With The Most Eurovision Appearances - Statistics

General Stats
  • This quiz has been taken 342 times
    31 since last reset
  • The average score is 10 of 10
Answer Stats
# Country % Correct
67 Belgium
100%
68 France
100%
66 Switzerland
100%
68 United Kingdom
100%
65 Netherlands
97%
65 Sweden
97%
69 Germany
93%
64 Norway
93%
64 Spain
90%
59 Finland
83%
No matching quizzes found
Score Distribution
Percent of People with Each Score
Percentile by Number Answered
Your Score History
You have not taken this quiz since the last reset